[Event "Vergeze Gard-chC"]
[Site "Vergeze"]
[Date "2012.05.18"]
[Round "3"]
[White "Colleo, Guy"]
[Black "Scanzi, Corentin"]
[Result "1/2-1/2"]
[WhiteElo "1687"]
[BlackElo "1644"]
[PlyCount "108"]
[EventDate "2012.05.17"]
[EventType "tourn"]
[EventRounds "7"]
[EventCountry "FRA"]
[SourceTitle "EXT 2013"]
[Source "ChessBase"]
[SourceDate "2012.11.22"]
[SourceVersion "1"]
[SourceVersionDate "2012.11.22"]
[SourceQuality "1"]

1. e4 e5 2. Nf3 Nc6 3. Bb5 d6 4. d4 Bd7 5. d5 Nce7 6. Bxd7+ Qxd7 7. Nc3 Ng6 8. Qd3 Be7 9. g3 Nf6 10. Bd2 0-0 11. 0-0-0 c6 12. h4 Qg4 13. Nh2 Qd7 14. f4 exf4 15. Bxf4 Nxf4 16. gxf4 Nh5 17. Qf3 g6 18. Rdg1 Kh8 19. Ng4 Bf6 20. Nxf6 Nxf6 21. Rd1 Rad8 22. Qd3 Rfe8 23. Qd4 Qe7 24. Rhe1 c5 25. Qd3 Nh5 26. f5 Qe5 27. Qf3 Qf4+ 28. Qxf4 Nxf4 29. Rf1 Ng2 30. Rh1 gxf5 31. exf5 Ne3 32. Rde1 Nxf5 33. Rhf1 Rxe1+ 34. Rxe1 Kg7 35. Re4 Kf8 36. Rf4 Nd4 37. Kd2 Re8 38. Ne4 Re5 39. c4 Ke7 40. Ng5 Rf5 41. Re4+ Re5 42. Ke3 Nf5+ 43. Kf4 Rxe4+ 44. Kxe4 Nxh4 45. Nxh7 f6 46. Kf4 Kf7 47. Kg4 Kg7 48. Nxf6 Kxf6 49. Kxh4 Kf5 50. Kh5 a6 51. a4 b6 52. Kh6 Kf6 53. Kh5 Kf5 54. Kh6 Kf6 1/2-1/2

[Event "Vergeze Gard-chC"]
[Site "Vergeze"]
[Date "2012.05.18"]
[Round "4"]
[White "Scanzi, Corentin"]
[Black "Dehaine, Guy"]
[Result "1-0"]
[WhiteElo "1644"]
[BlackElo "1648"]
[PlyCount "107"]
[EventDate "2012.05.17"]
[EventType "tourn"]
[EventRounds "7"]
[EventCountry "FRA"]
[SourceTitle "EXT 2013"]
[Source "ChessBase"]
[SourceDate "2012.11.22"]
[SourceVersion "1"]
[SourceVersionDate "2012.11.22"]
[SourceQuality "1"]

1. d4 d5 2. c4 c6 3. Nc3 Nf6 4. Nf3 Bf5 5. Qb3 Qb6 6. Qxb6 axb6 7. cxd5 cxd5 8. Nb5 Na6 9. Bf4 Rc8 10. Rc1 Rxc1+ 11. Bxc1 e6 12. a3 Be7 13. e3 0-0 14. Be2 Rc8 15. Nc3 Ne4 16. Bd2 Nxd2 17. Nxd2 Nb8 18. 0-0 Nd7 19. Bb5 Nf6 20. f3 h5 21. Re1 Bxa3 22. Nxd5 exd5 23. bxa3 Rc3 24. a4 Rc2 25. Nf1 Ra2 26. Ng3 Bc2 27. Re2 Ra1+ 28. Kf2 Bxa4 29. Bxa4 Rxa4 30. Rb2 Ra6 31. Rb5 g6 32. Ne2 g5 33. Nc3 Kg7 34. Nxd5 Ra5 35. Nc3 Ra6 36. Rxg5+ Kh6 37. Rb5 Kg6 38. e4 Nd7 39. Nd5 h4 40. Nf4+ Kf6 41. g3 hxg3+ 42. Kxg3 Ra4 43. Nd5+ Kg7 44. Ne7 Kf8 45. Nf5 Ra5 46. Nd6 Ke7 47. Nf5+ Kd8 48. Rb4 Ra6 49. Nd6 Kc7 50. Nxf7 Nf6 51. h4 Ra8 52. e5 Nd5 53. Rb5 Rg8+ 54. Ng5 1-0